Przeksztalcenia wlacnosciowe. Punkt wyjscia i propozycje.

Smernice pre privatizáciu v Poľsku - má mať komerčný charakter, využívanie nemenového úveru, predaj podľa trhových cien, preferovaní nadobúdatelia, pluralistické, nebyrokratické riešenia. Úloha zakladateľskej privatizácie. Angažovanosť zahraničného kapitálu. Reštitúcia vlastníctva. Rýchla a dôsledná...

Description complète

Enregistré dans:
Détails bibliographiques
Auteur principal: Mujzel, J.
Format: Chapitre de livre
Langue:polonais
Sujets:
Tags: Ajouter un tag
Pas de tags, Soyez le premier à ajouter un tag!

MARC

LEADER 00000naa a2200000 4500
001 r008476
005 20221125122601.4
041 0 |a pol 
044 |a PL 
245 1 0 |a Przeksztalcenia wlacnosciowe. Punkt wyjscia i propozycje.  |c J. Mujzel 
520 |a Smernice pre privatizáciu v Poľsku - má mať komerčný charakter, využívanie nemenového úveru, predaj podľa trhových cien, preferovaní nadobúdatelia, pluralistické, nebyrokratické riešenia. Úloha zakladateľskej privatizácie. Angažovanosť zahraničného kapitálu. Reštitúcia vlastníctva. Rýchla a dôsledná privatizácia. 
610 2 0 |a vlastníctvo 
610 2 0 |a privatizácia 
610 2 0 |a reprivatizácia 
610 2 0 |a PR 
610 2 0 |a kapitál zahraničný 
610 2 0 |a reformy hospodárske 
100 1 |a Mujzel, J.